| 000 | 00508pab a2200181 454500 | ||
|---|---|---|---|
| 008 | 180718b2008 xxu||||| |||| 00| 0 eng d | ||
| 100 | _aMehrotra, Santosh | ||
| 245 | _aSocial insurance system for India's unorganised sector workers: the case and the cost | ||
| 260 | _c2008 | ||
| 300 | _ap.183-95. | ||
| 362 | _aApr-Jun | ||
| 650 | _aLabour - India | ||
| 650 | _aSocial security - India | ||
| 650 | _aSocial security | ||
| 773 | _aIndian Journal of Labour Economics | ||
| 908 | _aN | ||
| 909 | _a81055 | ||
| 999 |
_c81055 _d81055 |
||